000 00943nam a2200277Ia 4500
003 OSt
005 20220918165548.0
006 a|||||r|||| 00| 0
007 ta
008 220917b |||||||| |||| 00| 0 eng d
020 _a8131601064 (hbk)
_c695
024 _a236,956
037 _b250, 20/11/2008, Bharatiya Sahitya Bhavana
_cTextual
040 _aARTS
_cARTS
_beng
041 _2eng
_aeng
082 _aN1282:9(Q), P8
100 _aBabb Lawrence A.
_924809
245 0 _aDesert temples
_b Sacred centers of Rajasthan in historical, art - historical, and social contexts
260 _aJaipur
_bRawat Publications India
_c2008
300 _axiv, 208p.
_ccm.
650 _aARTS
700 _a Cort John E.
_914379
700 _a Meister Michael W.
942 _hN1282:9(Q), P8
_cTEXL
_2CC
999 _c130382
_d130382